00474cam a2200193 a 4500001000800000005001700008008004100025010001700066020001500083040001800098041000800116043001200124080001300136082002000149100000700169101000800176245003600184504006000220254014220180301035154.0940209s1994 nyua b 001 0 eng  a 94004631  a0070075670 aDLCcDLCdDLC aeng an-us--- a658.812 00a658.812 BRE2201 a54 aLID10aWarranties :cJames R. Brennan. aIncludes bibliographical references (p. 213) and index.